| 000 | 00933nam a2200229 a 4500 | ||
|---|---|---|---|
| 001 | BRCA_8938 | ||
| 005 | 20190320210450.0 | ||
| 008 | 300617s1761----sp-#######---#000-0#spa-# | ||
| 041 | _aspa | ||
| 044 | _asp | ||
| 084 |
_aLE31 _b.J67 1761 |
||
| 100 | 1 |
_aJoseph de Jesús _922215 |
|
| 245 | 1 | 0 |
_aHistoria de la vida, y excelencias de la sacratissima Virgen Maria nuestra señora, que trata de sus dones , sobrenaturales, salida del Templo, Desposorios con el señor san Joseph, y Excelencias de este dichoso Patriarca _cPor el R. P. Fray Joseph de Jesús; tomo quarto. |
| 260 |
_aMadrid _bPor Antonio Perez de Soto _c1761 |
||
| 300 |
_a498 p. (t.4) _c15.8 x 10.5 cm |
||
| 500 | _aEstado físico: presenta encuadernación en pergamino deteriorada | ||
| 600 | 1 | 4 |
_aVirgen María _vBiografías _922216 |
| 600 | 1 | 4 |
_aJosé _cSanto _vBiografías _922217 |
| 650 | 1 | 4 |
_aVida espiritual _ySiglo XVIII _922218 |
| 902 | _aCFM | ||
| 942 |
_2lcc _cB |
||
| 999 |
_c8589 _d8589 |
||